| LEADER | 01578nam a2200397 a 4500 | ||
|---|---|---|---|
| 001 | 000685544 | ||
| 003 | CZ BrMZK | ||
| 005 | 20060213132414.0 | ||
| 007 | ta | ||
| 008 | 030903s2003 xr ab g c 000 0 cze d | ||
| 015 | |z cnb001282760 | ||
| 020 | |a 80-239-1627-0 |q (brož.) | ||
| 035 | |a (OCoLC)85074031 | ||
| 040 | |a BOA001 |b cze | ||
| 043 | |a e-xr--- |b e-xr-vy |2 czenas | ||
| 072 | 7 | |a 913(4) |x Geografie Evropy, reálie, cestování |2 Konspekt |9 7 | |
| 080 | |a 913:338.483.1 |2 MRF | ||
| 080 | |a 913(437.324) |2 MRF | ||
| 080 | |a (083.81) |2 MRF | ||
| 245 | 0 | 0 | |a Cestujeme po Moravě a Čechách : |b vše, co můžete navštívit v kraji Vysočina : Jihlavsko, Třebíčsko, Žďársko, Havlíčkobrodsko, Pelhřimovsko |
| 246 | 3 | |a Vše, co můžete navštívit v kraji Vysočina | |
| 260 | |a Brno : |b Aspida, |c 2003 | ||
| 300 | |a 108 s. : |b barev. il., mapy ; |c 30 cm | ||
| 500 | |a Název z obálky | ||
| 504 | |a Obsahuje rejstřík | ||
| 650 | 0 | 7 | |a turistické zajímavosti |7 ph126800 |z Česko |2 czenas |
| 655 | 7 | |a katalogy |7 fd132535 |2 czenas | |
| 651 | 7 | |a Havlíčkův Brod (Česko : oblast) |7 ge130260 |2 czenas | |
| 651 | 7 | |a Jihlava (Česko : oblast) |7 ge129470 |2 czenas | |
| 651 | 7 | |a Kraj Vysočina (Česko : 2000-) |7 ge138178 |2 czenas | |
| 651 | 7 | |a Pelhřimov (Česko : oblast) |7 ge130387 |2 czenas | |
| 651 | 7 | |a Třebíč (Česko : oblast) |7 ge131186 |2 czenas | |
| 651 | 7 | |a Žďár nad Sázavou (Česko : oblast) |7 ge131632 |2 czenas | |
| 910 | |a BOA001 |b 4-1120.620 | ||
| 990 | |a BK | ||
| 996 | 6 | |b 2610197489 |c 4-1120.620 |l MZK |r Sklad / do 1 hodiny |n 6 |p p.v. |w 000685544 |u 000010 |a 1 |e BOA001 |j MZK50 |s P | |
English
Čeština 